00379nam a22001337a 4500003000500000020001900005038001200024082001800036100001800054245008000072260004800152300003800200563000700238NUST a 9787119100982 aKhadija a951.083 bWAN aZhiguang Wang aA concise history reader of the People's Republic of China /cZhiguang Wang aBeijing Shib Foreign Languages Pressc2016 a359 pages : illustrations ; 25 cm aHB